000 00669nam a2200193Ii 4500
003 JO-AjNU
008 230606s9999||||xx |||||||||||||| ||und||
040 _aJO-AjNU
_beng
_erda
_cJO-AjNU
041 _aeng
050 1 4 _aHD9502.J65.U72.2015
100 3 _aJordan. Ministry of Energy and Mineral Resources,
_eauthor
_95361
245 0 0 _aAnnual report 2015 : ministry of energy and mineral resources
264 3 1 _aAmman, Jordan: Ministry of Energy and Mienral Resources, 2015
300 _a57p
336 _atext
_btxt
_2rdacontent
337 _aunmediated
_bn
_2rdamedia
338 _avolume
_bnc
_2rdacarrier
650 4 _aMines and mineral resources -- jordanĀ 
_95362
999 _aE2769
_c2767
_d2767